[Event "110th US Open"]
[Site "Indianapolis USA"]
[Date "2009.08.04"]
[Round "4"]
[White "Kaufman,La"]
[Black "Langer,M USA"]
[Result "0-1"]
[WhiteElo "2400"]
[BlackElo "2263"]

1.d4 Nf6 2.Nf3 e6 3.c4 c5 4.d5 exd5 5.cxd5 d6 6.Nc3 g6 7.Qa4+ Bd7 8.Qb3 Qc7
9.e4 Bg7 10.Bc4 O-O 11.O-O Na6 12.Re1 Rfe8 13.e5 Ng4 14.e6 fxe6 15.dxe6 Bc6
16.e7+ Kh8 17.Nd5 Bxd5 18.Bxd5 Nb4 19.Ng5 Rxe7 20.Rxe7 Qxe7 21.Nf7+ Kg8 22.Nxd6+ Kf8
23.Bf4 Rd8 24.Be6 Be5 25.Bxe5 Nxe5 26.Ne4 Rd3 27.Nc3 b5 28.Bh3 c4 29.Qa3 Nec6
30.Rf1 a5 31.g3 Qd8 32.Bg2 Nd4 33.Rc1 Ne2+ 34.Nxe2 Rxa3 35.bxa3 Nd3 36.Rf1 b4
37.axb4 axb4 38.Be4 Nc5 39.Nf4 g5 40.Bd5 gxf4 41.Bxc4 Qd4  0-1

[Event "GMA"]
[Site "Peterhof RUS"]
[Date "2009.08.05"]
[Round "5"]
[White "Terekhov,A"]
[Black "Guzenko,A"]
[Result "1/2-1/2"]
[WhiteElo "2301"]
[BlackElo "2139"]

1.d4 c5 2.d5 Nf6 3.c4 e6 4.Nc3 exd5 5.cxd5 d6 6.Nf3 g6 7.Bf4 Bg7 8.Qa4+ Bd7
9.Qb3 Bc8 10.e4 O-O 11.Be2 Nh5 12.Be3 a6 13.a4 Re8 14.Nd2 Nf6 15.O-O Nbd7
16.h3 Rb8 17.Kh1 Nb6 18.Bf4 Qc7 19.Bh2 Bd7 20.f4 c4 21.Qd1 Re7 22.a5 Nc8
23.Bxc4 Na7 24.Bg1 Nb5 25.Bxb5 Bxb5 26.Nxb5 axb5 27.Bb6 Qd7 28.Qf3 Rbe8 29.e5 dxe5
30.Bc5 e4 31.Qb3 Qxd5 32.Bxe7 Rxe7 33.Qb4 Re8 34.Rfe1 Qf5 35.Nf1 Bh6 36.Ne3 Qxf4
37.Qxb5 Re6 38.Qxb7 Bf8 39.a6 Bd6 40.Nf1 Nh5 41.a7 Ng3+ 42.Nxg3 Qxg3 43.Qc8+ Re8
44.Qxe8+ Kg7 45.Kg1 Bc5+  1/2-1/2

[Event "Open"]
[Site "Kavala GRE"]
[Date "2009.08.07"]
[Round "8"]
[White "Halkias,S"]
[Black "Ris,R"]
[Result "1/2-1/2"]
[WhiteElo "2564"]
[BlackElo "2421"]

1.Nf3 Nf6 2.c4 e6 3.d4 c5 4.d5 d6 5.Nc3 exd5 6.cxd5 g6 7.h3 Bg7 8.e4 O-O
9.Bd3 b5 10.Nxb5 Re8 11.O-O Nxe4 12.Bxe4 Rxe4 13.Nc3 Re8 14.Bg5 f6 15.Bf4 Nd7
16.Bxd6 Qb6 17.Bg3 Qxb2 18.Re1 Rxe1+ 19.Qxe1 Nf8 20.Rb1 Qc2 21.Bd6 Bd7 22.Rc1 Qd3
23.Bxc5 Bxh3 24.Rd1 Qf5 25.Nh2 Qg5 26.Qf1 Bd7 27.Ne4 Qe5 28.Ng3 Qc3 29.Bd4 Qc2
30.Rc1 Qa4 31.Nf3 Re8 32.Rc7 Qxa2 33.d6 a6 34.Qc1 Qd5 35.Qa3 Bb5 36.Re7 Rxe7
37.dxe7 Ne6 38.Bc3 Kf7 39.Bb4 f5 40.Qe3 f4 41.Qa7 Be8 42.Nf1 Qc4 43.Qb8 g5
44.Ba3 Qb5 45.Qd6 g4 46.N3d2 Be5 47.Nc4 Bxd6 48.Nxd6+ Kf6 49.Nxb5 axb5 50.Nd2 Ke5
51.f3 g3 52.Ne4 Bg6 53.Kf1 Kd4 54.Bb2+ Kd3 55.Nd6 b4 56.e8=Q Bxe8 57.Nxe8 Kc2
58.Be5  1/2-1/2

[Event "1st DOCA FIDE Inv"]
[Site "Branchburg USA"]
[Date "2009.08.13"]
[Round "3"]
[White "Hall,T"]
[Black "Feuerstein,A"]
[Result "0-1"]
[WhiteElo "2118"]
[BlackElo "2106"]

1.d4 c5 2.d5 Nf6 3.c4 e6 4.Nc3 exd5 5.cxd5 d6 6.Nf3 a6 7.a4 g6 8.g3 Bg7 9.Bg2 O-O
10.O-O Re8 11.Bf4 Qb6 12.Ra3 Nh5 13.Rb3 Qc7 14.Be3 Nd7 15.Qa1 Nhf6 16.Rd1 Rb8
17.Bf4 h6 18.h4 Ne4 19.Nxe4 Rxe4 20.Nd2 Rxe2 21.Be3 c4 22.Qc1 Ne5 23.Kf1 Bg4
24.f3 Rxe3 25.Rxe3 Bf5 26.Ne4 Qb6 27.g4 Bxe4 28.Rxe4 Nd3 29.Qc2 Nxb2 30.Rde1 c3
31.f4 Qc5 32.Qe2 Kh7 33.f5 Rc8 34.fxg6+ fxg6 35.h5 Rf8+ 36.Bf3 gxh5 37.gxh5 Qxd5
38.Kg2 Qd2 39.Rg4 Be5 40.Be4+ Kh8 41.Bc2 Qd5+ 42.Be4 Qd2 43.Rg6 Qf4 44.Kh3 Bf6
45.Rg4 Qe5 46.Rg3 Bg5 47.Bxb7 Qd4 48.Qe4 Qc5 49.Bxa6 c2 50.Rxg5 hxg5 51.Rc1 Qc3+
52.Kg2 Qd2+ 53.Kh3 Qxc1 54.Qd4+ Kg8 55.Qd5+ Rf7 56.Bc8 Qe3+ 57.Kg4 Qf4+ 58.Kh3 Qf3+  0-1

[Event "25th Open"]
[Site "Geraadsbergen BEL"]
[Date "2009.08.13"]
[Round "4"]
[White "Schaeken,Y"]
[Black "Sneppe,H"]
[Result "1/2-1/2"]
[WhiteElo "2078"]
[BlackElo "1977"]

1.d4 Nf6 2.c4 e6 3.Nf3 c5 4.d5 exd5 5.cxd5 d6 6.Nc3 g6 7.g3 Bg7 8.Bg2 O-O
9.O-O a6 10.a4 Nbd7 11.Nd2 Re8 12.h3 Rb8 13.Nc4 Nb6 14.Na3 Bd7 15.e4 Qc7
16.f4 Nxa4 17.Nxa4 b5 18.e5 dxe5 19.d6 Qc8 20.fxe5 Rxe5 21.Nc3 Bxh3 22.d7 Bxd7
23.Bf4 Re8 24.Bxb8 Qxb8 25.Rxf6 Bxf6 26.Qxd7 Bd4+ 27.Kh2 Re3 28.Ne4 Qe5 29.Nc2 Rxe4
30.Bxe4 Qxe4 31.Nxd4 cxd4 32.Rxa6 Qe2+ 33.Kh3 Qh5+  1/2-1/2

[Event "ch-BLR U20"]
[Site "Minsk BLR"]
[Date "2009.08.16"]
[Round "7"]
[White "Smolich,P"]
[Black "Bulanov,D"]
[Result "0-1"]
[WhiteElo "2238"]
[BlackElo "2393"]

1.d4 Nf6 2.c4 c5 3.d5 e6 4.Nc3 exd5 5.cxd5 d6 6.Nf3 g6 7.Bg5 Bg7 8.Ne4 O-O
9.Bxf6 Bxf6 10.Nxf6+ Qxf6 11.Qb3 Bf5 12.Nd2 Nd7 13.e3 b5 14.Be2 c4 15.Qxb5 Rab8
16.Qxc4 Rxb2 17.e4 Nb6 18.Qd3 Rc8 19.Rd1 Bd7 20.Qf3 Qxf3 21.Nxf3 Ba4 22.Rd4 Rc1+
23.Bd1 Rxd1+ 24.Rxd1 Bxd1  0-1

[Event "16th Vienna Open"]
[Site "Vienna AUT"]
[Date "2009.08.16"]
[Round "2"]
[White "Shengelia,D"]
[Black "Soderberg,P"]
[Result "1-0"]
[WhiteElo "2586"]
[BlackElo "2233"]

1.d4 Nf6 2.Nf3 e6 3.c4 c5 4.d5 d6 5.Nc3 exd5 6.cxd5 g6 7.Qa4+ Nbd7 8.Bf4 Qb6
9.O-O-O a6 10.e4 Ng4 11.Bg3 Bh6+ 12.Kc2 O-O 13.h3 Nge5 14.Nd2 c4 15.Nxc4 Nxc4
16.Qxc4 Nc5 17.Na4 Nxa4 18.Qxa4 f5 19.exf5 Bxf5+ 20.Bd3 Bg7 21.Qb3 Qc7+ 22.Kb1 Qd7
23.a3 b5 24.Rhe1 a5 25.Bxf5 Qxf5+ 26.Qc2 Qd7 27.Re6 Rac8 28.Qe2 b4 29.Bxd6 Rfd8
30.Be7 Re8 31.axb4 axb4 32.Bxb4 Qa4 33.Ba3 Rb8 34.Rxe8+ Rxe8 35.Qc2  1-0

[Event "Asian Zone 3.2 m"]
[Site "New Delhi IND"]
[Date "2009.08.17"]
[Round "13"]
[White "Sriram,J"]
[Black "Ahmed,As"]
[Result "1-0"]
[WhiteElo "2459"]
[BlackElo "1818"]

1.d4 Nf6 2.c4 e6 3.Nf3 c5 4.d5 exd5 5.cxd5 d6 6.Nc3 g6 7.e4 Bg4 8.Qa4+ Nbd7
9.Nd2 Bh5 10.h3 g5 11.Qb3 Qc8 12.Nc4 h6 13.f4 Bg6 14.Bd3 a6 15.a4 g4 16.a5 Qc7
17.f5 Bh5 18.h4 Ne5 19.Nxe5 dxe5 20.g3 Rc8 21.Bc4 Bd6 22.Be3 Kf8 23.Qc2 Kg7
24.Qd2 Rb8 25.O-O Rbc8 26.Rfc1 Qe7 27.Kg2 Nd7 28.b3 Nf6 29.Qd3 Nd7 30.Nd1 Nf6
31.Nf2 Kh7 32.Qd2 Qf8 33.Be2 Qg7 34.Rc4 Rc7 35.Rac1 Rhc8 36.Qd1 Kh8 37.R1c2 Kh7
38.Kh2 Kh8 39.Qc1 Nd7 40.Bxh6 Qg8 41.Be3 b5 42.axb6 Nxb6 43.R4c3 Qf8 44.Bxa6  1-0

[Event "Yoel Geva YTGM"]
[Site "Tel Aviv ISR"]
[Date "2009.08.18"]
[Round "9"]
[White "Bykhovsky,Av"]
[Black "Nabaty,T"]
[Result "1-0"]
[WhiteElo "2396"]
[BlackElo "2504"]

1.d4 Nf6 2.c4 c5 3.d5 e6 4.Nc3 exd5 5.cxd5 d6 6.Nf3 g6 7.Nd2 Bg7 8.Nc4 O-O
9.Bf4 Ne8 10.a4 Nd7 11.Qd2 Qe7 12.h4 b6 13.h5 Ba6 14.Nb5 Ne5 15.Bxe5 Bxe5
16.Ra3 Bxb5 17.axb5 Nf6 18.hxg6 fxg6 19.Rh4 Bd4 20.f3 Rae8 21.e3 Nxd5 22.Re4 Qg5
23.Nxd6 Qg3+ 24.Kd1 Qxd6 25.Rxe8 Rxe8 26.Bc4 Rd8 27.exd4 Kh8 28.Rxa7 Qb8
29.Qg5 Ne3+ 30.Ke2 Rf8 31.Qe7  1-0

[Event "16th Vienna Open"]
[Site "Vienna AUT"]
[Date "2009.08.23"]
[Round "9"]
[White "Berchtenbreiter,M"]
[Black "Lammers,M"]
[Result "0-1"]
[WhiteElo "2143"]
[BlackElo "2297"]

1.d4 Nf6 2.c4 c5 3.d5 e6 4.Nc3 exd5 5.cxd5 d6 6.Nf3 g6 7.Qa4+ Nbd7 8.Bf4 a6
9.e4 Rb8 10.Bd3 b5 11.Qc2 Qe7 12.O-O Ng4 13.a4 b4 14.Nd1 Bg7 15.Bg3 O-O 16.Nd2 Nde5
17.Be2 g5 18.Bxg4 Bxg4 19.Ne3 Bd7 20.b3 Ng6 21.Rad1 Nf4 22.Rfe1 Rbe8 23.Kf1 Bc3
24.Nf5 Qf6 25.Bxf4 gxf4 26.Re2 Bxf5 27.exf5 Rxe2 28.Kxe2 Re8+ 29.Kf3 Qh4
30.Nc4 Qh5+ 31.g4 Qxh2 32.Qd3 h5 33.gxh5 Kh8 34.Qf1 Qxh5+ 35.Kxf4 Qh4+ 36.Kf3 Qe4+
37.Kg3 Rg8+ 38.Kh3 Qg4+ 39.Kh2 Qf4+ 40.Kh3 Qh6+  0-1

[Event "6th Open"]
[Site "Kalamaria GRE"]
[Date "2009.08.25"]
[Round "5"]
[White "Galopoulos,N"]
[Black "Mastrovasilis,A"]
[Result "1-0"]
[WhiteElo "2255"]
[BlackElo "2503"]

1.d4 Nf6 2.c4 e6 3.Nf3 c5 4.d5 d6 5.Nc3 exd5 6.cxd5 g6 7.h3 Bg7 8.Bf4 O-O
9.e3 a6 10.a4 Nh5 11.Bh2 f5 12.Be2 f4 13.e4 Nd7 14.O-O Kh8 15.Kh1 b6 16.Ra3 Ra7
17.Rb3 Ne5 18.Nxe5 Bxe5 19.Bxh5 gxh5 20.Qxh5 Rg7 21.Ne2 Bd7 22.Rf3 Be8 23.Qh6 Rg6
24.Qxf8+ Rg8 25.Qxg8+ Kxg8 26.Nxf4 Bd7 27.Nh5 Bxh2 28.Kxh2 Bxa4 29.Ra1 Bb5
30.Raa3 Qh4 31.Rg3+ Kf8 32.Raf3+ Ke7 33.Rf5 Be8 34.Rg4 Qxh5 35.Rxh5 Bxh5
36.Rg7+ Kf6 37.Rxh7 Bg6 38.Rb7 b5 39.f4 Bxe4 40.Rd7 Kf5 41.Rxd6 Kxf4 42.Rxa6 Bxd5
43.Rb6  1-0

[Event "43rd Open"]
[Site "Mislata ESP"]
[Date "2009.08.25"]
[Round "2"]
[White "Del Rey,D"]
[Black "Rodriguez Ferrer,P"]
[Result "0-1"]
[WhiteElo "2420"]
[BlackElo "2078"]

1.d4 Nf6 2.Nf3 c5 3.d5 e6 4.c4 exd5 5.cxd5 d6 6.Nc3 g6 7.e4 Bg4 8.Qa4+ Bd7
9.Qb3 b6 10.Bf4 Nh5 11.Bg5 Qc7 12.Nb5 Bxb5 13.Bxb5+ Nd7 14.g4 h6 15.Bd2 Nf6
16.Bc3 Bg7 17.e5 c4 18.Qa4 Nxd5 19.Bxd7+ Qxd7 20.Qxd7+ Kxd7 21.e6+ fxe6 22.Bxg7 Rh7
23.Bc3 Rf7 24.Nd2 b5 25.a3 Nf4 26.O-O Raf8 27.f3 Nd3 28.b3 d5 29.bxc4 bxc4
30.Bd4 Kc6 31.Be3 h5 32.Rab1 e5 33.Bh6 Rh8 34.Bg5 Rhf8 35.h3 c3 36.Rb3 d4
37.Ne4 Rxf3 38.Rxf3 Rxf3 39.Rb8 Kc7 40.Rb5 c2 41.Bd2 Re3 42.Nf2 Re1+  0-1

[Event "5th Geller Mem Open A"]
[Site "Odessa UKR"]
[Date "2009.08.26"]
[Round "7"]
[White "Nedilko,V"]
[Black "Mozharov,M"]
[Result "1/2-1/2"]
[WhiteElo "2414"]
[BlackElo "2475"]

1.d4 Nf6 2.c4 e6 3.Nf3 c5 4.d5 exd5 5.cxd5 d6 6.Nc3 g6 7.g3 a6 8.a4 Bg7 9.Bg2 O-O
10.O-O Re8 11.Bf4 Nh5 12.Bg5 Qb6 13.Qc1 Nd7 14.a5 Qc7 15.Bh6 Bh8 16.Nd2 Ne5
17.Nde4 f5 18.Ng5 Ng4 19.Ne6 Bxe6 20.dxe6 Bxc3 21.bxc3 Nxh6 22.Qxh6 Nf6 23.Rab1 Rab8
24.Rb6 Rxe6 25.Rfb1 Ne4 26.Bxe4 fxe4 27.Qd2 e3 28.fxe3 Qf7 29.Rf1 Qe7 30.Qd5 Kh8
31.Rfb1 Re5 32.Qxd6 Qxd6 33.Rxd6 Rxe3 34.Rxa6 Rxe2 35.Rab6 Ra8 36.Rxb7 Rxa5
37.Rc7 Ra8 38.Rf1  1/2-1/2

[Event "ch-RUS HL"]
[Site "Ulan Ude RUS"]
[Date "2009.09.02"]
[Round "1"]
[White "Lysyj,I"]
[Black "Badmatsyrenov,O"]
[Result "1-0"]
[WhiteElo "2612"]
[BlackElo "2437"]

1.d4 Nf6 2.Nf3 e6 3.c4 c5 4.d5 d6 5.Nc3 exd5 6.cxd5 g6 7.h3 Bg7 8.Bg5 O-O
9.e3 a6 10.a4 Nbd7 11.Be2 Qe8 12.Nd2 Qe5 13.Bf4 Qe7 14.O-O Ne8 15.Nc4 Ne5
16.Bxe5 Bxe5 17.Nxe5 Qxe5 18.Qd2 f5 19.f4 Qe7 20.Rab1 a5 21.Rbe1 Nf6 22.Bd3 Bd7
23.e4 fxe4 24.Bxe4 Qg7 25.Bc2 Rae8 26.g4 Rxe1 27.Qxe1 Re8 28.Qd2 Qe7 29.f5 gxf5
30.Bxf5 Bxf5 31.Rxf5 Nd7 32.Nb5 Qe3+ 33.Qxe3 Rxe3 34.Nxd6 Rxh3 35.g5 Nb6
36.Ne4 Nxa4 37.d6 Rd3 38.b3 Nb6 39.Rxc5 Rd4 40.Re5 Kf8 41.Kf2 Rd5 42.Re7 Rf5+
43.Kg3 Rf7 44.Re5 Rd7 45.Rxa5 Kf7 46.Kf4 Rd8 47.Rb5 Nd7 48.Rxb7 Ke6 49.b4 Rf8+
50.Ke3 Rf5 51.Rc7 Re5 52.Kf4 Rf5+ 53.Kg3 Re5 54.Nc5+ Nxc5 55.bxc5  1-0

[Event "31st ch-NY-State"]
[Site "Colonie USA"]
[Date "2009.09.06"]
[Round "4"]
[White "Bonin,J"]
[Black "Kacheishvili,G"]
[Result "0-1"]
[WhiteElo "2385"]
[BlackElo "2606"]

1.d4 Nf6 2.Nf3 e6 3.c4 c5 4.d5 d6 5.Nc3 exd5 6.cxd5 g6 7.Bg5 Bg7 8.Nd2 h6
9.Bh4 g5 10.Bg3 Nh5 11.Nc4 Nxg3 12.hxg3 O-O 13.e3 Na6 14.Bd3 Nc7 15.a4 b6
16.Qf3 f5 17.g4 fxg4 18.Qg3 Ne8 19.Ne4 Bf5 20.Rd1 Bxe4 21.Bxe4 Qd7 22.b3 Rd8
23.Bg6 Bc3+ 24.Ke2 Kg7 25.Bxe8 Rfxe8 26.Rh5 Qf5 27.Rd3 Be5 28.Nxe5 Rxe5 29.Qh2 Rf8
30.Qg3 Rxd5 31.Rxd5 Qxd5 32.f3 gxf3+ 33.gxf3  0-1

[Event "TCh-SRB 1st League"]
[Site "Kragujevac SRB"]
[Date "2009.09.10"]
[Round "9"]
[White "Arsovic,G"]
[Black "Ostojic,N1"]
[Result "1/2-1/2"]
[WhiteElo "2439"]
[BlackElo "2412"]

1.d4 Nf6 2.Nf3 e6 3.c4 c5 4.d5 d6 5.Nc3 exd5 6.cxd5 g6 7.Bf4 Bg7 8.Qa4+ Bd7
9.Qb3 Qc7 10.h3 O-O 11.e3 a6 12.a4 Bc8 13.Nd2 Nbd7 14.Nc4 Ne8 15.Be2 f5 16.O-O Rb8
17.Rfe1 b6 18.Rac1 Kh8 19.Bh2 Ndf6 20.Bd3 Nd7 21.Na3 Ne5 22.Bf1 g5 23.f4 gxf4
24.exf4 Ng6 25.Qd1 Qd8 26.Kh1 Nc7 27.Qd2 Qf6 28.Nd1 Ne7 29.Nc3 Ng6 30.Bc4 Bb7  1/2-1/2

[Event "7th ch-Mediterranean"]
[Site "Rijeka CRO"]
[Date "2009.09.16"]
[Round "8"]
[White "Medic,Mir"]
[Black "Rukavina,J"]
[Result "1/2-1/2"]
[WhiteElo "2322"]
[BlackElo "2435"]

1.d4 Nf6 2.c4 c5 3.d5 e6 4.Nc3 exd5 5.cxd5 d6 6.Nf3 g6 7.g3 a6 8.a4 Bg7 9.Bg2 O-O
10.O-O Re8 11.Nd2 Nbd7  1/2-1/2

[Event "TCh-ROU Superliga"]
[Site "Eforie Nord ROU"]
[Date "2009.09.20"]
[Round "2"]
[White "Dumitrache,D"]
[Black "Chirila,I"]
[Result "0-1"]
[WhiteElo "2477"]
[BlackElo "2504"]

1.d4 Nf6 2.Nf3 e6 3.c4 c5 4.d5 exd5 5.cxd5 d6 6.Nc3 g6 7.e4 Bg7 8.h3 O-O
9.Bd3 Re8 10.O-O a6 11.Re1 Nh5 12.Bg5 Bf6 13.Be3 Nd7 14.Qd2 Ne5 15.Be2 Nxf3+
16.Bxf3 Ng7 17.a3 Be5 18.Rac1 b6 19.b4 Ra7 20.Na4 Bd7 21.Bd1 Ra8 22.f4 Bf6
23.Bf2 Bxa4 24.Bxa4 b5 25.Bd1 c4 26.Bd4 Bxd4+ 27.Qxd4 Qh4 28.Qd2 g5 29.Bg4 gxf4
30.Qxf4 Re5 31.Rf1 Qe7 32.Bf3 a5 33.Qd2 a4 34.Qf2 Qa7 35.Rc3 Qxf2+ 36.Kxf2 Ne8
37.Ke3 Nf6 38.Kf4 Rae8 39.Rd1 Nxe4 40.Re3  0-1

[Event "TCh-ROU Superliga"]
[Site "Eforie Nord ROU"]
[Date "2009.09.20"]
[Round "2"]
[White "Svetushkin,D"]
[Black "Foisor,O"]
[Result "1/2-1/2"]
[WhiteElo "2570"]
[BlackElo "2414"]

1.d4 Nf6 2.c4 e6 3.Nf3 c5 4.d5 d6 5.Nc3 exd5 6.cxd5 g6 7.e4 a6 8.a4 Bg4 9.Be2 Bxf3
10.Bxf3 Bg7 11.Bf4 O-O 12.O-O Qe7 13.Qb3 Nbd7 14.Qxb7 Rfb8 15.Qc6 Ne8 16.a5 Ne5
17.Bxe5 Bxe5 18.g3 Nc7 19.Bg2 Rxb2 20.Rac1 Rab8 21.Na4 Ra2 22.Nb6 Nb5 23.Qd7 Qf6
24.Qh3 Rd8 25.Nd7 Qe7 26.Nxe5 Qxe5 27.f4 Qd4+ 28.Kh1 Nc3 29.Rce1 Re2 30.Rxe2 Nxe2
31.f5 Nc3 32.Qh4 Re8 33.fxg6 fxg6 34.Qf4 Qe5 35.Qf7+ Kh8 36.Qf6+ Kg8 37.Qf7+ Kh8
38.Rf4 Rb8 39.Qa7 Rb1+ 40.Bf1 Rxf1+ 41.Rxf1 Qxe4+ 42.Kg1 Qd4+ 43.Rf2 Qd1+
44.Kg2 Qxd5+ 45.Rf3 Qd2+ 46.Rf2 Qd5+ 47.Rf3  1/2-1/2

[Event "Bolungarvik Open"]
[Site "Reykjavik ISL"]
[Date "2009.09.21"]
[Round "3"]
[White "Einarsson,H"]
[Black "Thorfinnsson,Bj"]
[Result "0-1"]
[WhiteElo "2255"]
[BlackElo "2395"]

1.d4 Nf6 2.c4 e6 3.Nf3 c5 4.d5 exd5 5.cxd5 d6 6.Nc3 g6 7.e4 Bg7 8.Bd3 O-O
9.h3 a6 10.a4 Nbd7 11.Bf4 Qe7 12.O-O Nh5 13.Bh2 g5 14.e5 dxe5 15.d6 Qd8 16.Nd5 Kh8
17.Ne7 Nf4 18.Nxg5 h6 19.Bc4 Qe8 20.Re1 Nb6 21.Bxf7 Rxf7 22.Nxf7+ Qxf7 23.Bxf4 exf4
24.Nxc8 Rxc8 25.Re7 Qf6 26.a5 Nc4 27.d7 Rd8 28.Re8+ Bf8 29.Qd5 Nd6 30.Rxd8 Qxd8
31.Qe6 Kg7 32.Rd1 Nf7 33.Rd5 Be7 34.Rf5 Bf6 35.Rxc5 Qe7 36.Qg4+ Kf8 37.Rc8+ Nd8
38.Qxf4 Kf7 39.h4 Qe1+ 40.Kh2 Qxa5 41.g3 Qb6 42.g4 Qa5 43.Kh3 Ke6 44.Rc2 Qb5
45.Rd2 Qf1+ 46.Kg3 Be5  0-1

[Event "XingQiu Open"]
[Site "Lishui CHN"]
[Date "2009.09.25"]
[Round "9"]
[White "Zeng Chongsheng"]
[Black "Wang Yu A"]
[Result "1-0"]
[WhiteElo "2323"]
[BlackElo "2380"]

1.d4 Nf6 2.c4 c5 3.d5 e6 4.Nc3 exd5 5.cxd5 d6 6.Nf3 g6 7.Bf4 a6 8.a4 Bg7
9.e3 Nh5 10.Bg5 Bf6 11.Bxf6 Qxf6 12.Be2 Ng7 13.Nd2 O-O 14.Nc4 Qe7 15.O-O Nd7
16.Re1 Ne5 17.a5 Nxc4 18.Bxc4 Bd7 19.Ra3 Qd8 20.e4 Nh5 21.Qd2 Re8 22.Rb3 Qxa5
23.Rxb7 Red8 24.e5 dxe5 25.d6 Rab8 26.Rc7 Ng7 27.Bxf7+ Kxf7 28.Rxe5 Nf5 29.g4 Nh4
30.Re7+ Kf8 31.Qh6+  1-0

[Event "TCh-NED 2009-10"]
[Site "Netherlands NED"]
[Date "2009.09.26"]
[Round "1"]
[White "Bensdorp,M"]
[Black "Van der Werf,M"]
[Result "0-1"]
[WhiteElo "2325"]
[BlackElo "2411"]

1.d4 Nf6 2.c4 e6 3.Nf3 c5 4.d5 exd5 5.cxd5 d6 6.Nc3 g6 7.h3 a6 8.a4 Bg7 9.e4 Nbd7
10.Bd3 Nh5 11.Bg5 Bf6 12.Bh6 Ne5 13.Be2 Nxf3+ 14.Bxf3 Bg5 15.Bxg5 Qxg5 16.Bxh5 gxh5
17.Qf3 O-O 18.O-O f6 19.Ra3 Rb8 20.a5 b5 21.axb6 Rxb6 22.Nd1 Rb4 23.Qe2 Qe5
24.Re3 Bd7 25.f4 Qd4 26.Rf2 h4 27.Qe1 f5 28.Nc3 Rfb8 29.Rd2 Qf6 30.Qf2 Qh6
31.Rde2 Rf8 32.Rf3 fxe4 33.Rxe4 Bf5 34.Re7 Qf6 35.Ra7 Rfb8 36.Re3 Rxb2 37.Qf3 R2b7
38.Rxa6 Rg7 39.Qf2 Kh8 40.Kh2 Rbg8 41.Ra2 Rg3 42.Qe1 Qd4 43.Rxg3 hxg3+ 44.Kh1 Qxf4
45.Re2 Bd3 46.Re7 Rf8 47.Re8 Kg7 48.Rxf8 Kxf8 49.Qd1 Qf1+ 50.Qxf1+ Bxf1 51.Ne4 c4  0-1

[Event "10th Veselin Boskovic Mem"]
[Site "Beograd SRB"]
[Date "2009.10.01"]
[Round "4.1"]
[White "Rajkovic,Du"]
[Black "Ostojic,N1"]
[Result "1-0"]
[WhiteElo "2472"]
[BlackElo "2412"]

1.d4 Nf6 2.c4 e6 3.Nf3 c5 4.d5 exd5 5.cxd5 d6 6.Nc3 g6 7.e4 Bg7 8.h3 a6 9.Be3 O-O
10.a4 Re8 11.Nd2 Nbd7 12.Be2 b6 13.O-O Bb7 14.Qc2 h6 15.Rfe1 Rb8 16.Ra3 Bc8
17.Qb1 g5 18.Nf1 Ne5 19.f4 gxf4 20.Bxf4 Nh7 21.b4 Qh4 22.Bg3 Qg5 23.bxc5 dxc5
24.Rb3 Qg6 25.Kh2 Bf8 26.Nd1 Ng5 27.Nf2 c4 28.Bxc4 Bd6 29.Be2 f5 30.Qd1 Rf8
31.exf5 Bxf5 32.Qd4 Rfe8 33.Qh4  1-0

[Event "8th TCh-Eur w"]
[Site "Novi Sad SRB"]
[Date "2009.10.22"]
[Round "1"]
[White "Golubenko,Valen"]
[Black "Socko,M"]
[Result "0-1"]
[WhiteElo "2298"]
[BlackElo "2476"]

1.d4 Nf6 2.c4 e6 3.Nf3 c5 4.d5 exd5 5.cxd5 d6 6.Nc3 g6 7.Bf4 a6 8.e4 b5 9.Qe2 Be7
10.e5 dxe5 11.Bxe5 Nbd7 12.Bg3 O-O 13.Qd1 Re8 14.Be2 b4 15.Na4 Nb6 16.Nxb6 Qxb6
17.Ne5 Qd8 18.O-O Bb7 19.Nc6 Qxd5 20.Qxd5 Nxd5 21.Na5 Bc8 22.Bf3 Be6 23.Rfd1 Rad8
24.Nc6 Rd7 25.Nb8 Rdd8 26.Nxa6 c4 27.Bxd5 Rxd5 28.Nc7 Rxd1+ 29.Rxd1 Rc8 30.Rc1 Bf6
31.Nxe6 fxe6 32.b3 c3 33.Rc2 Rd8 34.Kf1 Kf7 35.Ke2 Rd5 36.Bf4 h5 37.Bc1 Be7
38.Be3 Bd6 39.Rc1 Bxh2 40.g3 h4 41.gxh4 Bd6 42.Rg1 Ra5 43.Ra1 Be7 44.Bg5 Bxg5
45.hxg5 Rxg5 46.a4 bxa3 47.Rxa3 Rc5 48.Ra1 Rb5 49.Rb1 c2 50.Rc1 Rxb3 51.Rxc2 Kf6
52.Rc5 g5 53.Ra5 g4 54.Ra8 g3 55.fxg3 Rxg3 56.Ra5 e5 57.Ra4 Kf5 58.Rb4 Ra3
59.Rc4 Ke6 60.Rh4 Kd5 61.Rg4 Ra2+ 62.Ke3 Ra1 63.Ke2 Rc1 64.Kd3 Re1 65.Ra4 Rh1
66.Rg4 Ra1 67.Rh4 e4+ 68.Ke2 Ra2+ 69.Ke1 Ra3 70.Rh8 Kd4 71.Kf1 Ra1+ 72.Ke2 Ra2+
73.Kf1 Kd3 74.Rd8+ Ke3 75.Re8 Ra1+ 76.Kg2 Re1 77.Ra8 Rd1 78.Re8 Rd4 79.Ra8 Ke2
80.Ra2+ Rd2 81.Ra3 e3 82.Kg1 Rd7 83.Ra2+ Kf3 84.Ra3 Rd1+ 85.Kh2 Kf2 86.Ra8 e2
87.Rf8+ Ke3 88.Rc8 Kd3 89.Rd8+ Kc4 90.Rc8+ Kb5  0-1

[Event "Chigorin Mem Open"]
[Site "St Petersburg RUS"]
[Date "2009.10.22"]
[Round "7"]
[White "Rychagov,A"]
[Black "Badmatsyrenov,O"]
[Result "1-0"]
[WhiteElo "2552"]
[BlackElo "2437"]

1.d4 Nf6 2.c4 e6 3.Nc3 c5 4.d5 exd5 5.cxd5 d6 6.Nf3 g6 7.Qa4+ Nbd7 8.Bf4 a6
9.e4 Rb8 10.Qc2 Nh5 11.Bg5 Qc7 12.a4 Bg7 13.Be2 O-O 14.O-O h6 15.Be3 Qd8
16.Rab1 Re8 17.Rfe1 Ne5 18.b4 Ng4 19.Bd2 cxb4 20.Rxb4 f5 21.h3 Ne5 22.Nxe5 Bxe5
23.Bxh5 gxh5 24.exf5 Qf6 25.Ne4 Qxf5 26.f4 Bxf4 27.Nf6+  1-0

[Event "24th GP Open A"]
[Site "Le Touquet FRA"]
[Date "2009.10.26"]
[Round "3"]
[White "Ikonnikov,Vy"]
[Black "Heinis,V"]
[Result "1-0"]
[WhiteElo "2558"]
[BlackElo "2138"]

1.d4 Nf6 2.Nf3 e6 3.c4 c5 4.d5 exd5 5.cxd5 d6 6.Nc3 g6 7.e4 Bg7 8.h3 a6 9.a4 Nbd7
10.Bd3 Nh5 11.Bg5 Bf6 12.Bh6 Ng7 13.Nd2 O-O 14.O-O Ne5 15.Be2 g5 16.Kh2 Rb8
17.Ra2 Bd7 18.a5 Re8 19.f4 Ng6 20.e5 dxe5 21.fxg5 Bxg5 22.Bxg5 Qxg5 23.Nde4 Qd8
24.Nf6+ Kh8 25.Bg4 Bf5 26.Nxe8 Bxg4 27.Qxg4 f5 28.Qa4 Qxe8 29.Qxe8+ Rxe8
30.Ra4 e4 31.Rc4 Ne5 32.Rxc5 Nd3 33.Rc7 f4 34.d6  1-0

[Event "TCh-FIN"]
[Site "Finland FIN"]
[Date "2009.11.08"]
[Round "5"]
[White "Lampen,T"]
[Black "Kauko,J"]
[Result "1/2-1/2"]
[WhiteElo "2337"]
[BlackElo "2274"]

1.d4 Nf6 2.c4 c5 3.d5 e6 4.Nc3 exd5 5.cxd5 d6 6.Nf3 g6 7.Qa4+ Bd7 8.Qb3 Na6
9.e4 Rb8 10.Bg5 Bg7 11.Bf4 c4 12.Bxc4 Nc5 13.Qc2 Qe7 14.O-O b5 15.e5 bxc4
16.exf6 Qxf6 17.Qe2+ Kf8 18.Bg5 Qf5 19.Be7+ Kg8 20.Bxd6 Rc8 21.Qe3 Nd3 22.Rab1 Bxc3
23.bxc3 Qxd5 24.Bg3 Bc6 25.Qxa7 Kg7 26.Qd4+ Qxd4 27.Nxd4 Rhd8 28.Rfd1 Bd5
29.Nc2 Ra8 30.Nb4 Nxb4 31.Rxb4 Rxa2 32.h3 Raa8 33.Be5+ Kf8  1/2-1/2

[Event "Las Americas Open"]
[Site "Medellin COL"]
[Date "2009.11.12"]
[Round "1"]
[White "Castano,Jo"]
[Black "Duque,J"]
[Result "1-0"]
[WhiteElo "2047"]
[BlackElo "1981"]

1.d4 Nf6 2.Nf3 e6 3.c4 c5 4.d5 exd5 5.cxd5 d6 6.Nc3 Nbd7 7.e4 Nb6 8.a4 a5
9.Be2 Be7 10.O-O O-O 11.Re1 Bd7 12.h3 h6 13.e5 dxe5 14.d6 Bxd6 15.Qxd6 Re8
16.Qxc5 e4 17.Ne5 Bc6 18.Nxc6 bxc6  1-0

[Event "World Youth U18"]
[Site "Antalya TUR"]
[Date "2009.11.16"]
[Round "5"]
[White "Jorczik,J"]
[Black "Kaminski,V"]
[Result "1-0"]
[WhiteElo "2368"]
[BlackElo "2235"]

1.d4 Nf6 2.c4 e6 3.Nf3 c5 4.d5 exd5 5.cxd5 d6 6.Nc3 g6 7.h3 Bg7 8.e4 O-O
9.Bd3 b5 10.Bxb5 Nxe4 11.Nxe4 Qa5+ 12.Nfd2 Qxb5 13.Nxd6 Qa6 14.N2c4 Nd7 15.O-O Nb6
16.Nxb6 Qxb6 17.Nxc8 Raxc8 18.Rb1 Rfd8 19.Bg5 Rd7 20.Qg4 Qb7 21.Rfd1 h5 22.Qc4 Bd4
23.Be3 Qxd5 24.Qxd5 Rxd5 25.Rd2 Re5 26.Bxd4 cxd4 27.Rbd1 Ra5 28.b3 Ra3 29.Rb2 Rd8
30.Rd3 Rd5 31.Kf1 Rda5 32.Rdd2 d3 33.f3 Rd5 34.Kf2 Ra6 35.b4 Rc6 36.Rb3 Rb6
37.a3 Rbd6 38.Ke3 Re6+ 39.Kf2 Red6 40.a4 Kf8 41.b5 Rd7 42.Ke1 Rd4 43.a5 Ke8
44.a6 Rd8 45.Ra2 Kd7 46.b6 axb6 47.Rxb6 Rc4 48.a7 Ra8 49.Rb8 Rc8 50.Rxc8 Kxc8
51.Kd2 Kb7 52.Kxd3 Re8 53.a8=Q+ Rxa8 54.Rxa8 Kxa8 55.Kd4  1-0

[Event "ch-CXG IRT JC Ferreira"]
[Site "Rio de Janeiro BRA"]
[Date "2009.11.21"]
[Round "2"]
[White "Rios Filho,H"]
[Black "Rovedo,S"]
[Result "1/2-1/2"]
[WhiteElo "2214"]
[BlackElo "1782"]

1.d4 Nf6 2.c4 e6 3.Nc3 c5 4.d5 exd5 5.cxd5 d6 6.Nf3 g6 7.e4 Bg7 8.Be2 O-O
9.O-O Re8 10.Nd2 Nbd7 11.a4 Ne5 12.Qc2 g5 13.Ra3 a6 14.a5 Rb8 15.Nc4 Nxc4
16.Bxc4 Ng4 17.Ne2 Ne5  1/2-1/2

[Event "FSIM December"]
[Site "Budapest HUN"]
[Date "2009.12.05"]
[Round "1"]
[White "Toth,E"]
[Black "Parkanyi,A"]
[Result "1/2-1/2"]
[WhiteElo "2388"]
[BlackElo "2317"]

1.d4 Nf6 2.c4 c5 3.d5 e6 4.Nc3 exd5 5.cxd5 d6 6.Nf3 g6 7.e4 Bg7 8.Nd2 O-O
9.Be2 Re8 10.O-O Na6 11.f3 Nc7 12.a4 b6 13.Nc4 Ba6 14.Bg5 h6 15.Bh4 g5 16.Bg3 Bxc4
17.Bxc4 Nh5 18.Bf2 Be5 19.g3 a6 20.Qd3 Qd7 21.Rfe1 Reb8  1/2-1/2

[Event "ch-IND National A"]
[Site "Mumbai IND"]
[Date "2009.12.09"]
[Round "8"]
[White "Sethuraman,S"]
[Black "Gopal,G"]
[Result "1/2-1/2"]
[WhiteElo "2447"]
[BlackElo "2593"]

1.d4 Nf6 2.c4 c5 3.d5 e6 4.Nc3 exd5 5.cxd5 d6 6.Nf3 g6 7.h3 Bg7 8.Bf4 O-O
9.e3 Na6 10.Be2 Nc7 11.O-O b5 12.Nxb5 Nxb5 13.Bxb5 Rb8 14.a4 a6 15.Bc6 Rxb2
16.Rb1 Rxb1 17.Qxb1 Bf5 18.Qb3 Ne4 19.Qc4 g5 20.Bh2 a5 21.Qb5 h5 22.Qe2 Qf6
23.Bb5 g4 24.hxg4 hxg4 25.Nd2 g3 26.Bxg3 Nxg3 27.fxg3 Qg6 28.Qf3 Bc2 29.Nc4 Be4
30.Qf4 Bh6 31.Qf6 Qxg3 32.Rf2 Bg5 33.Qxd6 Qxd6 34.Nxd6 Bxd5 35.e4 Be6 36.Rc2 Rd8
37.Nf5 Rd1+ 38.Kf2 Rd2+ 39.Rxd2 Bxd2 40.Ke2 Bb4 41.Nd6 Kf8 42.Bc4 Bg4+ 43.Kd3 Bd1
44.Bb5 Ke7 45.Nc4 Kf6 46.Nd6 Bb3 47.Nc4 Kg5 48.e5 Kf5 49.Bd7+ Kg6 50.Bb5 Kg7
51.Ke4  1/2-1/2